000 00737nam a22002417a 4500
003 BUBTL
008 200113b xxu||||| |||| 00| 0 eng d
020 _a9780198083542
041 _aeng
082 _a629.8/ K9643d/ 2007
100 _aKuo, Benjamin C.
_92904
245 _aDigital Control Systems /
_cBenjamin C. Kuo
250 _a2nd ed.
260 _aIndia:
_bOxford University Press,
_cc2007
300 _axx, 751p . :
_bills. ;
_c24 cm.
500 _aIncludes Index
505 _aDigital Control Systems, Benjamin C. Kuo
526 _aElectrical and Electronic Engineering
650 0 _aElectrical and Electronic Engineering
_94295
856 _k0
_l0
_yDownload
942 _2ddc
_cBK
999 _c6229
_d6229